| 000 | 00665nam a2200217 a 4500 | ||
|---|---|---|---|
| 999 |
_c4987 _d4987 |
||
| 001 | 4987 | ||
| 003 | BD-JhCC | ||
| 005 | 20171206132640.0 | ||
| 008 | 171206s1987 bg ||||| |||| 00| 0 ben d | ||
| 035 | _a(BD-JhCC)4987 | ||
| 040 |
_aBD-JhCC _dBD-JhCC |
||
| 041 | _aben | ||
| 082 |
_a891.4409 _bKAM 1987 |
||
| 100 | _aকামাল, আবু হেনা মোস্তফা | ||
| 245 |
_aধানশালিকের দেশ / _c আবু হেনা মোস্তফা কামাল |
||
| 260 |
_aঢাকা : _bসূচীপএ, _c1987. |
||
| 300 |
_a291 p. : _c24 cm. |
||
| 650 | _aBengali literature | ||
| 942 |
_2ddc _cBK |
||